[Event "ICS rated blitz match"]
[Site "204.178.125.65"]
[Date "1999.08.11"]
[Round "?"]
[White "sergor"]
[Black "Hossa"]
[Result "1-0"]
[WhiteElo "2253"]
[BlackElo "2507"]
[Annotator "Fritz 5.32 (19s)"]
[PlyCount "126"]
[EventDate "1999.??.??"]

1. d4 1... d5 {Opening = D35 - 3.Nc3 Nf6(4.cd5 ed5 5.Bg5 c6 6.---)} 2. c4 e6 3.
Nc3 Nf6 4. Bg5 Be7 5. cxd5 exd5 6. Qc2 O-O 7. e3 Nc6 (7... c6 8. Bd3 h6 9. Bh4
Nbd7 10. Nge2 Re8 11. f3 c5 12. O-O a6 13. Kh1 c4 14. Bf5 b5 15. e4 Nb6 16.
Bxc8 Rxc8 17. e5 Nh7 18. Bxe7 Rxe7 19. a3 Qe8 20. f4 a5 21. a4 b4 22. Nb5 {
Lalic,B-Ascic,P/Open, Zadar CRO 1997/1-0 (39)}) (7... Nbd7 8. Bd3 b6 9. Nf3 Bb7
10. O-O Re8 11. Bxf6 Nxf6 12. Ne5 c5 13. Qd1 a6 14. Ne2 Bd6 15. Nf3 c4 16. Bc2
b5 17. Ng3 Bc8 18. Nf5 Bxf5 19. Bxf5 g6 20. Bc2 Kg7 21. g3 Rc8 22. a3 {
Dempsey,P-Walsh,P/Masters, Bunratty IRL 1998/1-0 (49)}) 8. a3 8... Ng4 $14 (
8... Re8 9. Bd3 h6 10. Bh4 Nh5 11. Bxe7 Rxe7 12. Nge2 Bg4 13. O-O Nf6 14. b4 b6
15. Rac1 a5 16. b5 Na7 17. f3 17... Be6 {
1-0 Tahirov,F-Gergelits,V/EuYouth U10 Boys, Tallinn EST 1997 (17)}) (8... h6 9.
Bh4 $11) 9. Bxe7 Nxe7 10. Bd3 Ng6 11. Nf3 11... c6 {Deckt b5} 12. O-O $11 (12.
h3 12... Nf6 $14) 12... Re8 13. b4 Be6 14. Rfc1 Rc8 15. a4 {
Jetzt haengt b5 in der Luft} 15... a5 $14 (15... Nh4 16. b5 $11) 16. b5 {
Weiss engt den Gegner ein} 16... c5 17. dxc5 Rxc5 18. h3 Nf6 19. Nd4 $11 (19.
Qd2 19... Qc7 $14) 19... Ne5 20. Qd2 20... Qc8 $14 (20... Nxd3 21. Qxd3 Nd7 22.
Rc2 $11) 21. Nce2 $11 (21. Nb3 Bxh3 22. Be2 22... Be6 $14) 21... Nxd3 22. Qxd3
22... b6 $14 (22... Rc4 23. Rc3 $11) 23. Nb3 23... Rc4 {
Ein schoenes Feld fuer den Turm} 24. Nd2 Bf5 25. Qb3 Bc2 26. Qb2 Rc5 27. Nd4 {
Der Springer steht auf d4 komfortabel} 27... Bd3 28. N2b3 $11 (28. Rxc5 $5
28... bxc5 29. Nc6 $16) 28... Rxc1+ $14 (28... Rc4 29. Nf3 $11) 29. Rxc1 29...
Qb7 $16 (29... Bc4 30. Nd2 $14) 30. Rc6 30... Bg6 $16 (30... Nd7 $5 $14) 31.
Nd2 $14 (31. Qc1 $5 $16) 31... Nd7 32. N2b3 Ne5 33. Qc3 $17 {
Weiss haelt das Heft fest in der Hand} (33. Rc3 $5 $11 $142 {kommt in Betracht}
) 33... Nxc6 34. bxc6 Qe7 35. c7 Rc8 36. Nb5 36... Qb4 $11 (36... Be4 37. N3d4
37... g6 $15) 37. Qc6 37... Qe7 $16 (37... h6 38. N3d4 Qe1+ 39. Kh2 Qxf2 40.
Qd7 $14) 38. Qxb6 38... Qb4 $18 (38... h6 $5 $16) 39. Qc6 39... Be4 $4 {
Schwarz zeigt sich dem Druck nicht mehr gewachsen} (39... h6 $142 40. N3d4 Qe1+
41. Kh2 41... Qxf2 $18) 40. Qd7 {Mit der Mattdrohung Qxc8} 40... Qf8 41. N3d4 (
41. Nd6 {waere im Gewinnsinne praeziser} 41... Ra8 $18) 41... Bd3 42. Qxd5 (42.
Nc6 $5 {laesst dem Gegner kaum Chancen} 42... Ra8 43. Qxd5 Bc2 44. Ne7+ 44...
Kh8 $18) 42... Bxb5 (42... h6 43. Qd7 Ra8 44. Nc6 $18) 43. Nxb5 (43. Qxb5 $6
43... Rxc7 44. Qxa5 44... Qb8 $11) 43... g6 44. Qd7 Kg7 45. Nd6 Ra8 46. c8=Q
Rxc8 47. Nxc8 (47. Qxc8 $6 47... Qxd6 48. Qc3+ Kf8 49. Qxa5 49... Ke7 $18)
47... Qa3 48. Nd6 {Droht Matt} 48... Qa2 49. Qxf7+ {
Der Freibauer e3 koennte gefaehrlich werden} (49. Qb5 $5 $142 {
und Weiss haette es noch leichter} 49... Qa1+ 50. Kh2 50... Qc3 $18) 49... Qxf7
50. Nxf7 Kxf7 51. e4 h5 (51... g5 $18 {ist noch eine duenne Chance}) 52. f4 Kf6
53. g3 Kg7 54. h4 Kg8 55. Kf2 Kf7 56. Ke3 Ke6 57. Kd4 {Will e5 spielen} 57...
Kd6 58. Kc4 Kc6 59. e5 Kd7 60. Kb5 (60. Kd5 $5 {gibt noch groesseren Vorteil}
60... Ke7 $18) 60... Kc7 61. Kxa5 {Der Freibauer a4 ist ein wichtiges Motiv}
61... Kb7 62. Kb5 Kc8 63. a5 63... Kd7 {
Weiss darf nun die Drohung g5 nicht uebersehen} 1-0

[Event "ICS Rated blitz match"]
[Site "204.178.125.65"]
[Date "1999.08.11"]
[Round "?"]
[White "Hossa"]
[Black "Diepeveen"]
[Result "1-0"]
[WhiteElo "2481"]
[BlackElo "2416"]
[Annotator "Fritz 5.32 (19s)"]
[PlyCount "60"]
[EventDate "1999.??.??"]

1. d4 1... c6 {Opening = B18 - 4.Ne4 Bf5 5.---} 2. e4 d5 3. Nc3 dxe4 4. Nxe4
Bf5 5. Ng3 Bg6 6. Be2 $146 (6. h4 h6 7. Nf3 Nd7 (7... e6 8. Bd3 Bb4+ 9. c3 Bxd3
10. Qxd3 Be7 11. Bf4 Nf6 12. O-O-O Na6 13. Kb1 O-O 14. Be5 Ng4 15. Qc2 Qa5 16.
Ne4 Rfd8 17. Bf4 Qf5 18. g3 c5 19. Rd2 c4 20. Re1 Rd5 21. Ree2 Rb5 22. Bd6 Bd8
23. Ne5 Nxe5 24. Bxe5 Rd5 25. Qa4 Rc8 26. Qe8+ Kh7 27. Qf8 f6 28. Bxf6 Rc7 29.
g4 Qf3 30. g5 gxf6 31. Qxh6+ Kg8 32. Qg6+ Rg7 33. Qe8+ Kh7 34. Qxe6 Nc7 35.
Nxf6+ Bxf6 36. Qxf6 Rf5 37. Qh6+ Kg8 38. Kc1 Qh3 39. Re1 Ra5 40. a3 Rxa3 41.
Kb1 Ra6 42. Qh5 Qf5+ 43. Rc2 Qa5 44. Kc1 Qf5 45. Qe2 Rf7 46. f3 Ra1+ 47. Kd2
Rxe1 48. Qxe1 48... Qxf3 {
1-0 Gromit-XXXX/13th WMCCC, Paderborn GER (8) 1995 (48)}) 8. h5 Bh7 9. Bd3 Bxd3
10. Qxd3 e6 11. Bf4 Qa5+ 12. c3 Ngf6 13. a4 Nd5 14. Bd2 Qc7 15. Rh4 Bd6 16. Kf1
Be7 17. Re4 N7f6 18. Re2 O-O 19. Ne5 c5 20. dxc5 20... Bxc5 {
Hector,J-Sher,M/KS, Copenhagen DEN (9) 1996/0-1 (70)}) 6... e6 {Befestigt f5}
7. c3 {Verwehrt dem Gegner b4} 7... Nf6 8. Nf3 Be7 9. Ne5 9... O-O $14 (9...
Nbd7 $5 $11) 10. O-O c5 11. Qb3 Qb6 12. Bf3 12... Nbd7 $16 (12... Nc6 13. Bg5
$14) 13. Nxg6 13... hxg6 {Deckt f5+h5} 14. Bxb7 Rab8 15. Qxb6 Nxb6 16. dxc5 {
Dieser Freibauer bestimmt das Geschehen} 16... Rxb7 17. cxb6 Rxb6 18. Rd1 Rc8
19. h3 {Ueberdeckt g4} 19... Nd5 20. f3 $14 (20. Ne4 20... Kf8 $16) 20... Bf6
$16 (20... Bc5+ 21. Kh2 $14) 21. Ne4 a5 22. Nxf6+ gxf6 23. Rd4 Kg7 24. Kf1 f5
25. Kf2 Kf6 26. h4 Ke5 27. Kg3 Kf6 28. Bg5+ 28... Ke5 $2 $18 (28... Kg7 $142
29. c4 29... Nb4 $16) 29. Re1+ Kd6 30. c4 Kc5 (30... Rxb2 31. Bf4+ (31. cxd5 $6
31... e5 32. Ra4 32... Rcc2 $16) 31... Kc5 32. cxd5 Kxd4 33. Be5+ Kxd5 34. Bxb2
$18) 1-0

[Event "ICS Rated blitz match"]
[Site "204.178.125.65"]
[Date "1999.08.11"]
[Round "?"]
[White "Diepeveen"]
[Black "Hossa"]
[Result "1-0"]
[WhiteElo "2403"]
[BlackElo "2494"]
[Annotator "Fritz 5.32 (19s)"]
[PlyCount "57"]
[EventDate "1999.??.??"]

1. e4 1... c6 {Opening = B15 - 3.Nc3(de4 4.Ne4 Nf6 5.Nf6 ef6)} 2. d4 d5 3. Nc3
dxe4 4. Nxe4 Qd5 5. Bd3 (5. Nc3 5... Qa5 $11) 5... Qxd4 6. Be3 $2 $19 (6. Nf3
$142 {sieht noch spielbar aus} 6... Qb6 7. Qe2 $15) 6... Qxb2 7. Ne2 e5 8. a3
8... Bxa3 $11 (8... Bg4 $142 9. Rb1 Qxa3 10. Rxb7 10... Bc8 $19) 9. O-O $19 (9.
Rb1 $142 {ist noch spielbar} 9... Qa2 10. Ra1 $11) 9... a5 $4 $16 {
danach wendet sich das Blatt} (9... Bf8 $19 $142) 10. Rxa3 $1 {die richtige
Fortsetzung, um den Vorteil festzuhalten. Weiss erhaelt Koenigsangriff} 10...
Qxa3 11. Bc5 11... Qxc5 {Schwarz muss Material zurueckgeben} 12. Nxc5 b6 (12...
Nf6 13. Qa1 Nbd7 14. Nxd7 Nxd7 15. Ng3 $18) 13. Ne4 Be6 (13... Nf6 14. Nxf6+
gxf6 15. Ng3 $18) 14. f4 Nd7 (14... Nf6 15. Nd6+ Ke7 16. fxe5 $18) 15. fxe5 (
15. Bc4 exf4 16. Nd6+ Ke7 17. Nxf4 Bxc4 18. Nxc4 Ngf6 19. Qd6+ 19... Kd8 $18)
15... Nxe5 16. Nd4 Nxd3 (16... Bd5 17. Qh5 Nxd3 18. Nxc6 $18) 17. Nxe6 ({
Schwaecher ist} 17. Qxd3 17... Nf6 $18) 17... fxe6 18. Qxd3 {
Mit der Mattdrohung Nd6} ({Schwaecher scheint} 18. cxd3 18... Ne7 $18) 18... e5
(18... Nf6 19. Qd6 b5 20. Qxe6+ Kd8 21. Qd6+ Nd7 22. Nc5 Ra7 23. Rf7 Kc8 24.
Nxd7 Kb7 25. Nf8+ Kb6 26. Qd4+ c5 27. Qd6#) 19. Nd6+ Ke7 20. Rf7+ (20. Nf5+ Kf6
21. Qd6+ Kg5 22. h4+ Kh5 23. g4+ Kxg4 24. Qd1+ Kh3 25. Qf3#) 20... Ke6 21. Qf5+
$1 {ein unangenehmes Schach} 21... Kxd6 22. Rd7+ Kc5 23. Qxe5+ Kc4 (23... Kb4 {
hilft allerdings auch nicht} 24. Rd4+ Ka3 25. Rd3+ Kb4 26. Qd4+ Kb5 27. Rb3+
Ka6 28. Qxb6#) 24. Rd4+ Kc3 25. Qe3+ (25. Rd3+ Kb4 26. Qd4+ Kb5 27. Rb3+ Ka6
28. Qxb6#) 25... Kb2 26. Qb3+ Kc1 27. c4 Rd8 28. Rxd8 Nf6 (28... b5 {
waere gleichermassen fruchtlos} 29. Rd1#) 29. Rd1# 1-0

[Event "ICS Rated blitz match"]
[Site "204.178.125.65"]
[Date "1999.08.11"]
[Round "?"]
[White "Hossa"]
[Black "Talmoves"]
[Result "1/2-1/2"]
[WhiteElo "2474"]
[BlackElo "2582"]
[Annotator "Fritz 5.32 (19s)"]
[PlyCount "157"]
[EventDate "1999.??.??"]

1. c4 1... Nf6 {Opening = E00 - 3.g3 (d5 4.---)} 2. d4 e6 3. Bg5 (3. g3 d5 4.
Nf3 Bb4+ 5. Nbd2 O-O 6. Bg2 Nc6 7. O-O Bxd2 8. Bxd2 dxc4 9. Qc2 Nxd4 10. Nxd4
Qxd4 11. Be3 Qg4 12. h3 Qg6 13. Qxc4 c6 14. Rfd1 e5 15. Qb3 Be6 16. Qxb7 Bd5
17. Qa6 17... Bxg2 {Raetsky,A-Breyther,R/Bern Open, Bern SWI (5) 1995/ - (28)})
3... d5 $146 (3... h6 4. Bxf6 (4. Bh4 Be7 5. Nc3 b6 6. e4 Bb7 7. f3 d6 8. Bd3
O-O 9. Nge2 Nbd7 10. Rc1 c5 11. Bb1 e5 12. dxe5 Nxe5 13. b3 Bc6 14. Bg3 Nh5 15.
Nd5 Bh4 16. O-O Nxg3 17. hxg3 Be7 18. Nec3 18... Nd7 {
Sipos,C-Baranyai,A/Providencia Open, Debrecen HUN 1997/1-0 (46)}) 4... Qxf6 5.
Nc3 Bb4 6. Nf3 b6 7. e3 c5 8. Rc1 O-O 9. Be2 Bb7 10. O-O cxd4 11. exd4 Rc8 12.
Qb3 Bxc3 13. Rxc3 Nc6 14. Rd1 d6 15. Qa3 Rd8 16. b4 Ne7 17. Qc1 Ng6 18. Qe3 {
Stantic,S-Kania,A/op, Toscolano ITA (4) 1996/1-0 (40)}) (3... Bb4+ 4. Nd2 Ne4
5. Bxd8 Bxd2+ 6. Qxd2 Nxd2 7. Bxc7 Nxc4 8. b3 Na6 9. Bf4 Nb6 10. Bd2 d5 11. e3
Nb8 12. Nf3 Nc6 13. Bb5 Bd7 14. O-O O-O 15. Rfc1 f6 16. Ne1 Kh8 17. a4 a6 18.
Be2 {Pihlajasalo,H-Nabil,A/World Juniors, Zagan POL 1997/1-0 (38)}) 4. e3 Nbd7
5. Bd3 Bb4+ 6. Nc3 c6 7. Nge2 dxc4 8. Bxc4 Qa5 9. Bxf6 Nxf6 10. O-O O-O 11. Rc1
Kh8 12. Qb3 Rd8 13. Rfd1 Bd6 14. Ng3 Qg5 15. f4 Qh4 16. Nce4 Ng4 17. h3 Nxe3
18. Qxe3 Bxf4 19. Qf2 Bxc1 20. Rxc1 f5 21. Nc5 Qxd4 22. Qxd4 Rxd4 23. Bxe6 Bxe6
24. Nxe6 Rd2 25. Rb1 g6 26. Nf1 Re2 27. Nd4 Re4 28. Nf3 Rae8 29. Rd1 Re2 30.
N1d2 Kg7 31. Nd4 Re1+ 32. Rxe1 Rxe1+ 33. Kh2 Kf6 34. Kg3 Ra1 35. a3 Ra2 36. Nc4
g5 (36... b5 37. Na5 Rxb2 38. Naxc6 $19) 37. h4 gxh4+ 38. Kxh4 b5 39. Ne3 c5
40. Nxb5 Rxb2 41. Nxa7 $19 (41. Nd6 Rb3 42. Nexf5 42... Rxa3 $19) 41... Re2 42.
Nd5+ Ke5 43. Nc3 Rxg2 44. Nc6+ 44... Kf4 {Droht Matt} 45. Nd5+ Kf3 46. Nf6
46... Rg3 $17 (46... c4 $5 47. Nd4+ Kf4 48. Nd5+ Ke4 49. Nxf5 $19) 47. Ne7
47... Kg2 $17 (47... f4 48. a4 $19) 48. a4 Ra3 49. Kg5 h6+ 50. Kxf5 Rxa4 51.
Kg6 Kf3 52. Nd7 $19 (52. Kxh6 c4 53. Ned5 53... Ra3 $17) 52... Ra6+ 53. Kh5
53... Ra1 $17 (53... Ra7 54. Nxc5 Rxe7 55. Kxh6 $17) 54. Nxc5 54... Rh1+ $15 (
54... Ra5 $5 $17 $142) 55. Kg6 h5 56. Nf5 56... Rh3 $11 (56... h4 $5 $142 57.
Nd4+ 57... Kg4 $17) 57. Ne6 Rh2 58. Ned4+ $15 (58. Kg5 58... h4 $11) 58... Kf4
$11 (58... Kg4 59. Nh6+ Kf4 60. Ne6+ Ke5 61. Nf8 $11) 59. Ne6+ Ke5 60. Kg5 $19
(60. Ned4 $142 {und Weiss spielt mit} 60... Ke4 61. Kg5 $11) 60... h4 $11 (
60... Rg2+ $142 61. Kxh5 Kxf5 62. Nd4+ Kf4 63. Ne6+ 63... Ke5 $17) 61. Nf4 h3
62. Nxh3 $17 (62. Kg4 $11 $142 {damit waere Weiss im Spiel geblieben}) 62...
Rg2+ 63. Ng3 63... Kd6 $11 (63... Rxg3+ $5 $142 64. Kh4 64... Rg6 $17) 64. Kh4
Kc6 65. Nh1 Rc2 66. Ng3 Rc4+ 67. Kh5 {Der weisse Koenig wird gefaehrlich} 67...
Rc5+ 68. Kh6 $17 (68. Kg4 $5 $11 {muss unbedingt geprueft werden}) 68... Rc3
69. Ne4 69... Rc4 $11 (69... Rxh3+ $5 $142 70. Kg5 70... Rf3 $17) 70. Nef2 Rd4
71. Nh1 $17 (71. Kg5 $5 $11 {sieht spielbar aus}) 71... Rh4+ 72. Kg6 72... Ra4
$11 (72... Rxh3 $5 $142 73. Nf2 Rg3+ 74. Kh5 74... Kd5 $17) 73. N1f2 Ra3 74.
Kh6 Ra1 75. Ng4 Ra5 76. Nh2 Ra1 77. Nf3 Rh1 78. Nfg5 Rxh3+ 79. Nxh3 1/2-1/2

[Event "ICS Rated blitz match"]
[Site "204.178.125.65"]
[Date "1999.08.11"]
[Round "?"]
[White "Hossa"]
[Black "Talmoves"]
[Result "0-1"]
[WhiteElo "2467"]
[BlackElo "2589"]
[Annotator "Fritz 5.32 (15s)"]
[PlyCount "105"]
[EventDate "1999.??.??"]

1. d4 1... Nf6 {Opening = E30 - 4.Bg5(h6 5.Bh4 c5 6.d5 ---)} 2. c4 e6 3. Nc3
Bb4 4. Bg5 c5 5. d5 h6 6. Bxf6 Qxf6 7. Qd3 (7. Rc1 O-O 8. Nf3 d6 9. g3 e5 10.
Bg2 e4 11. Nd2 e3 12. fxe3 Nd7 13. a3 Ba5 14. Nde4 Qe7 15. O-O f5 16. Nf2 Qxe3
17. Nb5 Qe7 18. Qa4 Bd2 19. Rcd1 Be3 20. Kh1 a6 21. Nc3 21... Ne5 {
Ivanov,I-Browne,W/Philadelphia 1989/EXT 97/0-1 (53)}) (7. Qc2 b5 8. dxe6 fxe6
9. a3 Bxc3+ 10. Qxc3 Qxc3+ 11. bxc3 bxc4 12. e4 d5 13. exd5 exd5 14. Nf3 Nc6
15. Be2 Bf5 16. O-O g5 17. Rfe1 O-O-O 18. Bf1 Rhe8 19. Rxe8 Rxe8 20. Rd1 Be6
21. Nd2 21... Kc7 {Cohn,A-Cheung,E/Gold Coast 1996/EXT 98/0-1 (38)}) 7... b6
$146 (7... exd5 8. cxd5 O-O 9. Nf3 b6 10. e3 Re8 11. Qc2 Na6 12. Bc4 Nc7 13. a4
d6 14. Rd1 Bd7 15. O-O Bxc3 16. bxc3 a6 17. Bb3 Bg4 18. Nd2 Bxd1 19. Rxd1 b5
20. Nf3 Qe7 21. Qf5 g6 22. Qf4 {
Dlabik,J-Jandecka,T/Pardubice 1994/EXT 99/0-1 (46)}) 8. e4 Ba6 9. Qg3 9... Qd4
{Weiss kann nicht lang rochieren} 10. Nge2 Qxe4 (10... Qxc4 $2 {scheitert an}
11. O-O-O $1 {Boing!} 11... Ba5 12. Qxg7 $18) 11. Qxg7 {
Haelt den Koenig im Zentrum fest} 11... Bxc3+ 12. bxc3 Rf8 13. Qxh6 Bxc4 14.
dxe6 Bxe6 15. Qf4 15... Qc2 {Schwarz verhindert die lange Rochade} 16. Qc7 $15
(16. Qd2 16... Qe4 $11) 16... Nc6 (16... Bxa2 $2 {ist falsch} 17. Qb7 Bd5 18.
Qxd5 $18) 17. a3 {Verwehrt dem Gegner b4} 17... Rh8 18. Rd1 Rd8 19. f3 {
Kontrolliert g4} 19... Rh5 20. Rd2 Qb1+ 21. Kf2 Qb3 22. Rd6 Qa2 23. Rd3 Ne5 24.
Rd1 Qc2 25. Qd6 Nc4 26. Qd3 Qa4 27. Re1 27... Ne5 $11 (27... Re5 $5 $15 {
kommt in Betracht}) 28. Qd6 Qc6 (28... Qxa3 $2 {funktioniert nicht} 29. Nf4 Rf5
30. Rxe5 Rxe5 31. Qxe5 Qa2+ 32. Kg3 $18) 29. Qd2 29... Rh4 $14 (29... Nc4 30.
Qc1 Re5 31. f4 $14) 30. Ng3 f6 31. Ne4 Ke7 32. Nxf6 {Weiss droht stark Qg5}
32... Nxf3 33. gxf3 {
Droht entscheidend Qg5. Die Oeffnung der g-Linie verschafft Schwarz Drohungen}
33... Kxf6 34. Bg2 Rg8 35. Re4 Rxe4 36. Qh6+ (36. fxe4 $4 {zu gierig} 36...
Rxg2+ $1 {nun ist alles klar} 37. Kxg2 Qxe4+ 38. Kf2 Qxh1 39. Qf4+ Kg6 40. Qg3+
Kf7 41. Qf4+ 41... Ke8 $19) 36... Ke7 {Droht entscheidend Re2} 37. Qh7+ (37.
fxe4 $4 {Weiss ist zu gierig} 37... Rxg2+ $1 {macht alles klar} 38. Kxg2 Qxe4+
39. Kf2 Qxh1 40. Qg5+ Kd6 41. Qf4+ Kd5 42. c4+ 42... Kc6 $19) 37... Kd8 {
Schwarz droht stark Rxg2} 38. Qxe4 (38. fxe4 $4 38... Qb5 39. Qh4+ 39... Kc8
$19) 38... Qd6 39. Qe3 $17 (39. Re1 Qxh2 40. Qa8+ Kc7 41. Qxa7+ Kc6 42. Qa4+
Kb7 43. Rg1 $19) 39... Qe7 (39... Bc4 40. Bh3 $17) 40. Qf4 $19 (40. h4 $5 $17)
40... Qg7 41. Bf1 Qxc3 42. Qh4+ Ke8 43. Qa4 $4 {das letzte Eigentor} (43. Be2
$19 $142) 43... Qd2+ 44. Be2 44... Bh3 {Mit der Mattdrohung Rg2} 45. Qe4+ Kf8
46. f4 Rg2+ (46... d5 $5 $142 {erleichterte Schwarz die Gewinnfuehrung} 47. Qd3
Rg2+ 48. Kf3 Rxe2 49. Qxd2 (49. Qxe2 $4 49... Bg4+ 50. Kxg4 Qxe2+ 51. Kg3 51...
d4 $19) 49... Rxd2 50. a4 $19) 47. Qxg2 Bxg2 48. Rd1 Qb2 49. Rxd7 Bc6 50. Rd3
50... c4 {Es droht Matt} 51. Rd8+ Ke7 52. Rc8 Qd4+ 53. Ke1 0-1

[Event "ICS Rated blitz match"]
[Site "204.178.125.65"]
[Date "1999.08.11"]
[Round "?"]
[White "PostModernist"]
[Black "Hossa"]
[Result "1-0"]
[WhiteElo "2479"]
[BlackElo "2456"]
[PlyCount "70"]
[EventDate "1999.??.??"]

1. e4 c6 2. Nc3 d5 3. Nf3 Bg4 4. h3 Bxf3 5. Qxf3 Nf6 6. d4 dxe4 7. Qe3 Qa5 8.
Bd2 Qf5 9. Be2 e5 10. dxe5 Qxe5 11. f4 Qe6 12. O-O-O Nbd7 13. Bg4 Nxg4 14. hxg4
Nc5 15. Rh5 Qxg4 16. Rg5 Qh4 17. Nxe4 Ne6 18. Rg3 Rd8 19. f5 Rd4 20. Ng5 Bd6
21. fxe6 f6 22. Rh3 Qg4 23. Nxh7 Rg8 24. e7 Bxe7 25. Re1 Qd7 26. Qb3 Qd5 27.
Qxb7 Qd7 28. Qb3 Qd5 29. Rhe3 Qxb3 30. Rxe7+ Kd8 31. axb3 Rd7 32. Rxd7+ Kxd7
33. Bb4 Kc7 34. Bc5 a5 35. Re7+ 35... Kb8 {Hossa resigns} 1-0

[Event "ICS Rated blitz match"]
[Site "204.178.125.65"]
[Date "1999.08.11"]
[Round "?"]
[White "Hossa"]
[Black "PostModernist"]
[Result "0-1"]
[WhiteElo "2441"]
[BlackElo "2494"]
[PlyCount "77"]
[EventDate "1999.??.??"]

1. d4 Nf6 2. c4 e6 3. Nc3 Bb4 4. Bg5 h6 5. Bh4 c5 6. d5 b5 7. Qc2 bxc4 8. e4
exd5 9. exd5 Qe7+ 10. Kd1 Ba6 11. a3 Bxc3 12. Qxc3 Qe4 13. Bxf6 Qxd5+ 14. Kc1
gxf6 15. Nf3 Qf5 16. Bxc4 Qf4+ 17. Nd2 Bxc4 18. Qxc4 Qxc4+ 19. Nxc4 Nc6 20.
Re1+ Kf8 21. Nd6 Nd4 22. Kb1 Rb8 23. f4 Rb6 24. Nc8 Rc6 25. Ne7 Re6 26. Rxe6
dxe6 27. Nc8 Kg7 28. Nd6 Nb3 29. Ra2 Rd8 30. Nb5 Rd2 31. h3 c4 32. Nc3 Rxg2 33.
Nd1 Rg3 34. h4 Rd3 35. Nc3 Rh3 36. Nd1 Rxh4 37. f5 Rh1 38. Kc2 e5 39. a4 {
Hossa resigns} 0-1

[Event "ICS Rated blitz match"]
[Site "204.178.125.65"]
[Date "1999.08.11"]
[Round "?"]
[White "GIRONA"]
[Black "Hossa"]
[Result "1/2-1/2"]
[WhiteElo "2173"]
[BlackElo "2427"]
[PlyCount "122"]
[EventDate "1999.??.??"]

1. e4 c6 2. d4 d5 3. Nd2 dxe4 4. Nxe4 Bf5 5. Ng3 Bg6 6. Nf3 c5 7. Bb5+ Nc6 8.
Bxc6+ bxc6 9. O-O cxd4 10. Nxd4 Qd5 11. Be3 e5 12. c4 Qxc4 13. Rc1 Qxa2 14.
Nxc6 f6 15. Qf3 e4 16. Nxe4 Qxb2 17. Rfe1 Bxe4 18. Qxe4+ Kf7 19. h4 h5 20. Bd4
Qa2 21. Nxa7 Rd8 22. Rc7+ Ne7 23. Nc6 Re8 24. Bc5 Kg8 25. Bxe7 Rh6 26. Qe6+
Qxe6 27. Rxe6 Kh7 28. Re3 Rg6 29. Bxf8 Rxf8 30. Ne7 Rg4 31. g3 Rd8 32. Nf5 Rd5
33. Ne7 Rd8 34. Kg2 Rgd4 35. Nf5 R8d7 36. Re7 Rxc7 37. Rxc7 Rg4 38. f4 Kg8 39.
Kf3 Kf8 40. Ke4 Kg8 41. Kd5 Kh7 42. Ke6 Rg6 43. Kf7 Rg4 44. Rc8 g6 45. Rg8 gxf5
46. Rxg4 fxg4 47. Kxf6 Kh6 48. f5 Kh7 49. Ke7 Kh6 50. f6 Kg6 51. f7 Kf5 52.
f8=Q+ Ke4 53. Qf4+ Kd5 54. Qg5+ Kd4 55. Qxh5 Kd3 56. Qxg4 Ke3 57. h5 Kd3 58. h6
Ke3 59. h7 Kd2 60. h8=Q Kd3 61. Qe5 61... Kd2 {
GIRONA ran out of time and Hossa has no material to mate} 1/2-1/2

[Event "ICS Rated blitz match"]
[Site "204.178.125.65"]
[Date "1999.08.11"]
[Round "?"]
[White "hamsi"]
[Black "Hossa"]
[Result "0-1"]
[WhiteElo "2425"]
[BlackElo "2417"]
[PlyCount "48"]
[EventDate "1999.??.??"]

1. e4 c6 2. d4 d5 3. Nc3 dxe4 4. Nxe4 Qd5 5. Nc3 Qd8 6. Nf3 a6 7. Bd3 Bg4 8.
Be3 Nd7 9. h3 Bxf3 10. Qxf3 Ngf6 11. g4 e6 12. O-O-O Qa5 13. Kb1 Ba3 14. Bc1
Bb4 15. Bd2 O-O 16. g5 Bxc3 17. gxf6 Bxd2 18. fxg7 Kxg7 19. Rhg1+ Kh8 20. Bxh7
Kxh7 21. Qd3+ Kh8 22. Rxd2 Rg8 23. Rgd1 Rg6 24. Qe4 24... Qxd2 {hamsi resigns}
0-1

[Event "ICS Rated blitz match"]
[Site "204.178.125.65"]
[Date "1999.08.11"]
[Round "?"]
[White "Hossa"]
[Black "Secret"]
[Result "0-1"]
[WhiteElo "2433"]
[BlackElo "2519"]
[PlyCount "108"]
[EventDate "1999.??.??"]

1. d4 d5 2. c4 e6 3. Nc3 Nf6 4. cxd5 exd5 5. Bg5 Be7 6. e3 c6 7. Nf3 Bf5 8. Bd3
Bxd3 9. Qxd3 Nbd7 10. O-O O-O 11. Qf5 Rc8 12. Rae1 Re8 13. e4 dxe4 14. Nxe4 h6
15. Nxf6+ Nxf6 16. Bxf6 Bxf6 17. Rxe8+ Qxe8 18. Re1 Qd8 19. Re2 Ra8 20. Qc5 Qb6
21. Qxb6 axb6 22. a3 Rd8 23. Rd2 Kf8 24. Kf1 Ke7 25. Ke2 Kd6 26. Kd3 Re8 27.
Re2 Rxe2 28. Kxe2 c5 29. dxc5+ bxc5 30. b3 Kd5 31. g4 g5 32. h3 Bc3 33. h4 f6
34. hxg5 fxg5 35. a4 c4 36. Nd2 Bxd2 37. bxc4+ Kxc4 38. Kxd2 Kb4 39. a5 Kxa5
40. Kc3 b5 41. Kb3 b4 42. Kb2 Kb5 43. Kb3 Kc5 44. Kc2 Kd4 45. Kb3 Kd3 46. Ka4
Kc4 47. Ka5 b3 48. Kb6 b2 49. Kc6 b1=Q 50. Kc7 Kd5 51. f3 Qc2+ 52. Kd8 Qh7 53.
Ke8 Ke6 54. Kf8 54... Qf7# {Hossa checkmated} 0-1

[Event "ICS rated blitz match"]
[Site "204.178.125.65"]
[Date "1999.08.11"]
[Round "?"]
[White "ducy"]
[Black "Hossa"]
[Result "0-1"]
[WhiteElo "2086"]
[BlackElo "2421"]
[PlyCount "90"]
[EventDate "1999.??.??"]

1. d4 d5 2. c4 dxc4 3. Nc3 Nc6 4. Nf3 Bg4 5. d5 Bxf3 6. exf3 Ne5 7. Bxc4 Nxc4
8. Qa4+ Qd7 9. Qxc4 O-O-O 10. O-O Kb8 11. Bf4 Nf6 12. Rfd1 Nh5 13. Be3 Rg8 14.
Rac1 a6 15. b4 g6 16. b5 a5 17. b6 Rc8 18. Qb5 Qxb5 19. Nxb5 cxb6 20. Rxc8+
Kxc8 21. Bxb6 Kd7 22. Bxa5 Bg7 23. Bc3 Bxc3 24. Nxc3 Rc8 25. Ne4 Rc2 26. g3
Rxa2 27. Rb1 Kc7 28. f4 Rc2 29. Rb4 h6 30. h4 f5 31. d6+ exd6 32. Nxd6 Kxd6 33.
Rb6+ Kc7 34. Rxg6 Rc6 35. Rg7+ Nxg7 36. Kf1 Re6 37. f3 b5 38. Kf2 b4 39. g4 b3
40. g5 Nh5 41. Kg2 Rd6 42. gxh6 Rd2+ 43. Kh3 b2 44. h7 b1=Q 45. h8=Q 45... Qf1#
{ducy checkmated} 0-1

[Event "ICS Rated blitz match"]
[Site "204.178.125.65"]
[Date "1999.08.11"]
[Round "?"]
[White "Hossa"]
[Black "Sidis"]
[Result "1-0"]
[WhiteElo "2429"]
[BlackElo "2164"]
[PlyCount "43"]
[EventDate "1999.??.??"]

1. d4 Nf6 2. c4 g6 3. Nc3 Bg7 4. e4 d6 5. f3 O-O 6. Be3 e5 7. Nge2 Nc6 8. Qd2
Nh5 9. d5 Ne7 10. g4 Nf6 11. O-O-O Ne8 12. Bh6 a6 13. Bxg7 Nxg7 14. Qh6 f5 15.
gxf5 gxf5 16. Rg1 Rf7 17. Kb1 f4 18. Rg5 Ng6 19. h4 Bd7 20. Bg2 Qe7 21. Rg1 Kh8
22. Rxg6 {Sidis resigns} 1-0

[Event "ICS rated blitz match"]
[Site "204.178.125.65"]
[Date "1999.08.11"]
[Round "?"]
[White "Big-Pawn"]
[Black "Hossa"]
[Result "0-1"]
[WhiteElo "2129"]
[BlackElo "2435"]
[PlyCount "72"]
[EventDate "1999.??.??"]

1. Nf3 b6 2. g3 Bb7 3. Bg2 e6 4. O-O d5 5. d3 Bd6 6. Nbd2 Ne7 7. e4 c5 8. Qe2
O-O 9. Nh4 Nbc6 10. f4 Nd4 11. Qd1 Ng6 12. Nxg6 fxg6 13. c3 Nb5 14. e5 Be7 15.
Nf3 Rc8 16. a4 Nc7 17. Bd2 Bc6 18. b4 cxb4 19. cxb4 Bd7 20. Nd4 a5 21. Qb3 axb4
22. Bxb4 Bc5 23. Bxc5 bxc5 24. Nb5 Rb8 25. Qc2 Nxb5 26. axb5 Bxb5 27. Qxc5 Bxd3
28. Rfd1 Be2 29. Rd2 Bc4 30. Ra7 Rb1+ 31. Kf2 Rxf4+ 32. gxf4 Qh4+ 33. Ke3 Rb3+
34. Rd3 Rxd3+ 35. Ke2 Qg4+ 36. Kf2 36... Rd2+ {Big-Pawn resigns} 0-1